[Event "Dutch League 2023-24"]
[Site "Netherlands NED"]
[Date "2023.12.16"]
[Round "5.5"]
[White "Kuipers, Stefan"]
[Black "Praet, Maarten"]
[Result "1-0"]
[WhiteTitle "IM"]
[WhiteElo "2444"]
[BlackElo "2200"]
[WhiteTeam "AMEVO Apeldoorn"]
[BlackTeam "Charlois Europoort"]
[WhiteFideId "1018400"]
[BlackFideId "201294"]
[EventDate "2023.09.16"]
[EventType "team"]

1. e4 c5 2. Nf3 d6 3. Nc3 Nc6 4. d4 cxd4 5. Nxd4 Nf6 6. Bg5 e6 7. Qd3 Be7 8.
O-O-O O-O 9. f3 d5 10. exd5 Nxd5 11. Bxe7 Ndxe7 12. Qe4 Qb6 13. Nxc6 Qxc6 14.
Qb4 Ng6 15. h4 Qc7 16. h5 Qf4+ 17. Qxf4 Nxf4 18. g3 Nd5 19. Nxd5 exd5 20. Rxd5
Be6 21. Rd4 Rfd8 22. Rhh4 Rxd4 23. Rxd4 Rc8 24. b3 Kf8 25. Bd3 h6 26. Kd2 b6 27.
c4 Ke7 28. Be4 Rd8 29. Rxd8 Kxd8 30. Bd5 1-0

[Event "Dutch League 2023-24"]
[Site "Netherlands NED"]
[Date "2023.12.16"]
[Round "5.6"]
[White "Garrido Dominguez, Jesus"]
[Black "Beerdsen, Thomas"]
[Result "0-1"]
[WhiteTitle "IM"]
[BlackTitle "GM"]
[WhiteElo "2396"]
[BlackElo "2504"]
[WhiteTeam "Charlois Europoort"]
[BlackTeam "AMEVO Apeldoorn"]
[WhiteFideId "2254174"]
[BlackFideId "1030108"]
[EventDate "2023.09.16"]
[EventType "team"]

1. e4 c5 2. Nf3 d6 3. d4 cxd4 4. Nxd4 Nf6 5. Nc3 Nc6 6. g3 g6 7. Nde2 Bg7 8. Bg2
O-O 9. O-O Rb8 10. a4 a6 11. h3 b5 12. axb5 axb5 13. Be3 b4 14. Nd5 Nd7 15. Nd4
Bxd4 16. Bxd4 e6 17. Ne3 e5 18. Ba7 Rb7 19. Qxd6 Nxa7 20. Nd5 Re8 21. Nxb4 Re6
22. Qd2 Nc6 23. Nd5 Rxb2 24. h4 Nd4 25. Ra8 Rxc2 26. Qxc2 Nxc2 27. Rc1 Rc6 0-1

[Event "Dutch League 2023-24"]
[Site "Netherlands NED"]
[Date "2023.12.16"]
[Round "5.7"]
[White "Rijnaarts, Sjef"]
[Black "Vandenbussche, Thibaut"]
[Result "1/2-1/2"]
[WhiteTitle "FM"]
[BlackTitle "IM"]
[WhiteElo "2276"]
[BlackElo "2428"]
[WhiteTeam "AMEVO Apeldoorn"]
[BlackTeam "Charlois Europoort"]
[WhiteFideId "1014870"]
[BlackFideId "204412"]
[EventDate "2023.09.16"]
[EventType "team"]

1. e4 d6 2. d4 Nf6 3. Nc3 e5 4. Nf3 Nbd7 5. Bc4 Be7 6. O-O O-O 7. a4 exd4 8.
Nxd4 Re8 9. Re1 Bf8 10. a5 c6 11. Bf4 Ne5 12. Bb3 Bg4 13. f3 Be6 14. Nxe6 fxe6
15. Ne2 Ng6 16. Bg3 d5 17. exd5 exd5 18. c3 Nh5 19. Bf2 Qg5 20. Ra4 Nhf4 21.
Nxf4 Nxf4 22. g3 Nh3+ 23. Kg2 Nxf2 24. Kxf2 Bc5+ 25. Kg2 Re3 26. Rg4 Qe5 27. Re4
Rxe4 28. fxe4 Re8 29. exd5 Qxe1 30. dxc6+ Kh8 31. Qxe1 Rxe1 32. c7 Re8 33. Be6
Be3 34. c8=Q Rxc8 35. Bxc8 b6 36. Kf3 Bc1 37. axb6 axb6 38. b3 Kg8 39. Ke4 Kf7
40. Kd5 Ke7 41. Kc6 Be3 42. b4 Bd2 43. Kxb6 Bxc3 44. Kc5 Kd8 45. Bf5 h6 46. b5
Kc7 47. b6+ Kb8 1/2-1/2

[Event "Dutch League 2023-24"]
[Site "Netherlands NED"]
[Date "2023.12.16"]
[Round "5.8"]
[White "Kunin, Vitaly"]
[Black "Van Delft, Merijn"]
[Result "0-1"]
[WhiteTitle "GM"]
[BlackTitle "IM"]
[WhiteElo "2528"]
[BlackElo "2379"]
[WhiteTeam "Charlois Europoort"]
[BlackTeam "AMEVO Apeldoorn"]
[WhiteFideId "4128737"]
[BlackFideId "1004670"]
[EventDate "2023.09.16"]
[EventType "team"]

1. d4 Nf6 2. c4 g6 3. Nc3 Bg7 4. e4 d6 5. Be2 O-O 6. Be3 c5 7. dxc5 Qa5 8. f3
dxc5 9. e5 Nfd7 10. f4 Nb6 11. Bd2 N6d7 12. Nf3 Nc6 13. O-O f6 14. exf6 exf6 15.
Nd5 Qd8 16. Bc3 Nb6 17. Qb3 Ne7 18. Rfd1 Nexd5 19. cxd5 Qd6 20. a4 Qxf4 21. a5
Nd7 22. d6+ Kh8 23. Bb5 a6 24. Bc4 Rb8 25. Be1 b5 26. axb6 Rxb6 27. Qd3 f5 28.
Bc3 h6 29. Rd2 Bb7 30. Rf1 Bxc3 31. Qxc3+ Kh7 32. Re2 Be4 33. Nd2 Qxd6 34. Nxe4
fxe4 35. Rxf8 Qxf8 36. Rxe4 Nf6 37. Re1 Qd6 38. Kh1 Ng4 39. Bg8+ Kxg8 40. Qc4+
Kg7 41. Qxg4 Rxb2 42. Qf3 h5 43. h3 Rb4 44. Rf1 Qe7 45. Qc3+ Rd4 46. Rb1 Qe5 47.
Re1 Qd6 48. Rb1 Kh7 49. Qf3 Qe7 50. Qa8 Qd6 51. Qf3 Kh6 52. Qe3+ Qf4 53. Qe8 Qf6
54. Qe3+ Qg5 55. Qe8 Rd8 56. Qc6 Rd2 57. Rg1 Qd5 58. Qxa6 Rd1 59. Rxd1 Qxd1+ 60.
Kh2 Qd4 61. Qc8 h4 62. Qf8+ Kh5 63. Qe7 Qf4+ 64. Kh1 Qc1+ 65. Kh2 Qf4+ 66. Kh1
c4 67. Qh7+ Kg5 68. Qh8 Qc1+ 69. Kh2 Qf4+ 70. Kh1 Qf1+ 71. Kh2 Qf6 72. Qc8 Qe5+
73. Kh1 Qe4 74. Qc5+ Kf4 75. Qf2+ Ke5 76. Qc5+ Ke6 77. Qa5 Kd6 78. Qb6+ Kd5 79.
Qa5+ Kd4 80. Qd2+ Ke5 81. Qa5+ Kf4 82. Qd2+ Kf5 83. Qf2+ Ke6 84. Qb6+ Kd5 85.
Qa5+ Kd4 86. Qd2+ Qd3 87. Qf4+ Kc3 88. Qf6+ Kb3 89. Qb6+ Ka2 90. Qf2+ Ka1 91.
Qxh4 c3 92. Qa4+ Kb2 93. Qb4+ Kc1 94. Qa3+ Kd1 95. Qb3+ Kd2 96. Qb4 Ke1 97. Kh2
Ke2 98. Qg4+ Kd2 99. Qb4 Qf5 100. Qd4+ Kc2 101. Qa4+ Kd2 102. Qd4+ Qd3 103. Qb4
Ke3 104. Qe7+ Qe4 105. Qc5+ Kd3 106. Qb5+ Kd2 107. Qa5 Qf4+ 108. Kh1 Qe4 109.
Kh2 Qf5 110. Qb4 Qe5+ 111. Kh1 g5 112. Kg1 Kd3 113. Qb3 Qc5+ 114. Kf1 Kd2 115.
Qe6 Qe3 116. Qa2+ c2 117. Qa5+ Kd1 118. Qd5+ Kc1 119. Qb5 Qf4+ 120. Ke2 Qd2+
121. Kf3 Qf4+ 122. Ke2 Qe4+ 123. Kf2 Qd4+ 124. Ke2 Qf4 125. Qa6 Qd2+ 126. Kf3
Qd5+ 127. Ke3 Qc5+ 128. Kd3 Kd1 129. Qa4 Qd5+ 130. Kc3 Qc6+ 0-1

[Event "Dutch League 2023-24"]
[Site "Netherlands NED"]
[Date "2023.12.16"]
[Round "5.9"]
[White "Van de Oudeweetering, Arthur"]
[Black "Geirnaert, Steven"]
[Result "0-1"]
[WhiteTitle "IM"]
[BlackTitle "IM"]
[WhiteElo "2253"]
[BlackElo "2446"]
[WhiteTeam "AMEVO Apeldoorn"]
[BlackTeam "Charlois Europoort"]
[WhiteFideId "1000551"]
[BlackFideId "203866"]
[EventDate "2023.09.16"]
[EventType "team"]

1. e4 e5 2. Nf3 Nc6 3. Bb5 a6 4. Bxc6 dxc6 5. Nc3 f6 6. d4 exd4 7. Nxd4 c5 8.
Nde2 Qxd1+ 9. Nxd1 Bd7 10. Bf4 O-O-O 11. Ne3 Bc6 12. f3 Ne7 13. Rd1 Re8 14. Kf2
g5 15. Bg3 Bg7 16. h4 g4 17. Nxg4 f5 18. Be5 Bxe5 19. Nxe5 fxe4 20. Nxc6 Nxc6
21. fxe4 Rhf8+ 22. Ke3 Ne5 23. Nf4 Ng4+ 24. Kf3 Nf2 25. Kxf2 Rxf4+ 26. Kg3 Rexe4
27. Rd5 b6 28. h5 Rg4+ 29. Kf3 Ref4+ 30. Ke3 Rf7 31. Rd2 Rg3+ 32. Ke4 c4 33. Rh4
Rfg7 34. Kf5 R7g5+ 35. Kf6 b5 36. Rh2 h6 37. Kf7 Rf5+ 38. Ke6 Rgg5 39. g4 Rf4
40. Rhf2 Rfxg4 41. a4 Rxh5 42. axb5 Rxb5 43. c3 Rg6+ 44. Ke7 Rgb6 45. Rh2 Kb7
46. Rhg2 h5 47. Rh2 a5 48. Rde2 Rg5 49. Re4 Rc6 50. Rhh4 Kb6 51. Rh2 Kb5 52. Kd7
Rg7+ 53. Ke8 Rc5 54. Kd8 Rh7 55. Kc8 Rg5 56. Re8 h4 57. Rf8 h3 58. Re8 c6 59.
Rd8 Rgg7 0-1

[Event "Dutch League 2023-24"]
[Site "Netherlands NED"]
[Date "2023.12.16"]
[Round "5.10"]
[White "Lecomte, Robin"]
[Black "Lammens, Tim"]
[Result "1-0"]
[BlackTitle "FM"]
[WhiteElo "2233"]
[BlackElo "2238"]
[WhiteTeam "Charlois Europoort"]
[BlackTeam "AMEVO Apeldoorn"]
[WhiteFideId "1037170"]
[BlackFideId "1008803"]
[EventDate "2023.09.16"]
[EventType "team"]

1. Nf3 d5 2. g3 Bg4 3. Bg2 e6 4. d4 Nd7 5. O-O c6 6. b3 Ngf6 7. Bb2 Bd6 8. c4
O-O 9. Nbd2 h6 10. c5 Bc7 11. b4 a5 12. a3 Qb8 13. Qb3 Re8 14. Rfc1 e5 15. dxe5
Nxe5 16. Nd4 Bd7 17. Qc2 Neg4 18. Bf3 Re5 19. Nf1 Rg5 20. e3 h5 21. h4 Re5 22.
Ne2 Re8 23. Nf4 Bxf4 24. exf4 Ne4 25. Bxe4 Rxe4 26. f3 Rc4 27. Qe2 Rxc1 28. Rxc1
Nh6 29. Qe7 Qd8 30. Qxd8+ Rxd8 31. bxa5 Nf5 32. Kf2 d4 33. Rd1 Be6 34. g4 hxg4
35. fxg4 Ne3 36. Rxd4 Nxg4+ 37. Kf3 Re8 38. Rb4 Nh6 39. Ne3 Re7 40. Be5 Nf5 41.
Nxf5 Bxf5 42. Bd6 Re1 43. Rxb7 Ra1 44. Rb3 Be6 45. Re3 Bc4 46. Rc3 Bb5 47. Kg4
Be2+ 48. Kg3 Bb5 49. Kg4 Be2+ 50. Kf5 Re1 51. h5 Bxh5 52. a6 f6 53. Rb3 Bf7 54.
Rb8+ Kh7 55. Kg4 Re3 56. a7 Bc4 57. f5 g5 58. fxg6+ Kxg6 59. a8=Q 1-0

[Event "Dutch League 2023-24"]
[Site "Netherlands NED"]
[Date "2023.12.16"]
[Round "5.1"]
[White "Ten Hertog, Hugo"]
[Black "Bellahcene, Bilel"]
[Result "0-1"]
[WhiteTitle "GM"]
[BlackTitle "GM"]
[WhiteElo "2519"]
[BlackElo "2519"]
[WhiteTeam "Paul Keres"]
[BlackTeam "Kennemer Combinatie"]
[WhiteFideId "1026356"]
[BlackFideId "696358"]
[EventDate "2023.09.16"]
[EventType "team"]

1. d4 Nf6 2. c4 e6 3. Nf3 d5 4. g3 Bb4+ 5. Bd2 Be7 6. Bg2 O-O 7. O-O c6 8. Nc3
Nbd7 9. a4 a5 10. Qc2 h6 11. Rfd1 Re8 12. e4 dxc4 13. Bf1 b6 14. Bxc4 Bb7 15.
Bf4 Rc8 16. Ba2 Nf8 17. Qe2 Ng6 18. Be3 Qc7 19. Rac1 Qb8 20. e5 Nd7 21. Bf4 Qa8
22. h4 Bb4 23. h5 Nxf4 24. gxf4 Nf8 25. Nh4 Be7 26. Qg4 Rc7 27. Kh2 Bxh4 28.
Qxh4 Qd8 29. Qxd8 Rxd8 30. Nb5 Rcd7 31. Nd6 Rxd6 32. exd6 Rxd6 33. Bb1 Nd7 34.
Be4 Nf6 35. Bf3 Nd5 36. f5 Nb4 37. fxe6 fxe6 38. Rc3 Bc8 39. Kg3 Kf8 40. Kf4
Nd5+ 41. Bxd5 Rxd5 42. Rxc6 Bd7 43. Rxb6 Bxa4 44. Rc1 Rxd4+ 45. Ke5 Rd2 46. Rc4
Be8 47. Rf4+ Ke7 48. Rxe6+ Kd7 49. Rb6 Re2+ 50. Kd5 Rd2+ 51. Kc4 Kc7 52. Re6
Rxb2 53. Kc3 Rb8 54. Rg4 Kd7 55. Ra6 Ke7 56. Rxg7+ Kf8 57. Rga7 Rc8+ 58. Kd4 a4
59. Rxh6 Kg8 60. Rhh7 Rd8+ 61. Ke5 Rd2 62. Rag7+ Kf8 63. h6 Re2+ 64. Kd4 0-1

[Event "Dutch League 2023-24"]
[Site "Netherlands NED"]
[Date "2023.12.16"]
[Round "5.5"]
[White "Smeets, Kobe"]
[Black "Pardo Simon, David"]
[Result "1-0"]
[WhiteTitle "FM"]
[BlackTitle "IM"]
[WhiteElo "2274"]
[BlackElo "2448"]
[WhiteTeam "Paul Keres"]
[BlackTeam "Kennemer Combinatie"]
[WhiteFideId "1063910"]
[BlackFideId "2296276"]
[EventDate "2023.09.16"]
[EventType "team"]

1. e4 d6 2. d4 Nf6 3. Nc3 e5 4. Nf3 Nbd7 5. Bc4 Be7 6. O-O O-O 7. a4 c6 8. Re1
h6 9. a5 Re8 10. d5 b5 11. Ba2 Qc7 12. dxc6 Qxc6 13. Nd5 a6 14. Nh4 Bf8 15. Ng6
Bb7 16. Nxf8 Kxf8 17. Qf3 Qxc2 18. Nxf6 gxf6 19. Bxh6+ Ke7 20. Qh5 Rf8 21. Bxf8+
Rxf8 22. Rac1 Qxb2 23. Bxf7 Bxe4 24. Rc7 Rxf7 25. Rxd7+ Kxd7 26. Qxf7+ Kc6 27.
Qa7 Bd5 28. Qxa6+ Kd7 29. Qa7+ Ke6 30. Qb8 Qc3 31. Rd1 Bb3 32. Qxd6+ Kf7 33.
Qd7+ Kf8 34. Qd2 b4 35. Qxc3 1-0

[Event "Dutch League 2023-24"]
[Site "Netherlands NED"]
[Date "2023.12.16"]
[Round "5.10"]
[White "Elgersma, Onno"]
[Black "Wemmers, Xander"]
[Result "1-0"]
[WhiteTitle "FM"]
[BlackTitle "IM"]
[WhiteElo "2352"]
[BlackElo "2350"]
[WhiteTeam "Kennemer Combinatie"]
[BlackTeam "Paul Keres"]
[WhiteFideId "1053531"]
[BlackFideId "1004182"]
[EventDate "2023.09.16"]
[EventType "team"]

1. e4 c5 2. Nf3 d6 3. d4 cxd4 4. Nxd4 Nf6 5. Nc3 Nc6 6. Bg5 e6 7. Qd2 a6 8.
O-O-O Bd7 9. f3 Nxd4 10. Qxd4 Be7 11. Kb1 Qc7 12. g4 h5 13. gxh5 Nxh5 14. h4 Bf6
15. Bxf6 gxf6 16. f4 Qc5 17. Qd2 O-O-O 18. Rh3 Kb8 19. Rd3 Bc6 20. a3 Ka8 21. b4
Qb6 22. Rxd6 Rxd6 23. Qxd6 Qe3 24. Kb2 Rc8 25. Qd2 Qxf4 26. Qxf4 Nxf4 27. a4 f5
28. exf5 exf5 29. b5 axb5 30. axb5 Bg2 31. Rd4 Bxf1 32. Rxf4 Bc4 33. Rxf5 Ka7
34. Na4 b6 35. Nc3 Be6 36. Re5 Rh8 37. h5 Kb7 38. Nd5 Rh6 39. c4 Rh7 40. Kc3 Rg7
41. Nf4 Rg3+ 42. Kb4 Bg4 43. Rg5 f5 44. Rg7+ Kb8 45. h6 1-0

[Event "Dutch League 2023-24"]
[Site "Netherlands NED"]
[Date "2024.02.03"]
[Round "6.1"]
[White "Tiviakov, Sergei"]
[Black "Kerigan, Demre"]
[Result "1-0"]
[WhiteTitle "GM"]
[BlackTitle "IM"]
[WhiteElo "2552"]
[BlackElo "2362"]
[WhiteTeam "Groninger Combinatie"]
[BlackTeam "Paul Keres"]
[WhiteFideId "1008013"]
[BlackFideId "6307841"]
[EventDate "2023.09.16"]
[EventType "team"]

1. e4 e5 2. Bc4 Nf6 3. d3 Bc5 4. Nf3 d6 5. c3 Nc6 6. Bb3 a5 7. O-O Ba7 8. Be3
O-O 9. Nbd2 Be6 10. Bxe6 fxe6 11. Bxa7 Rxa7 12. d4 exd4 13. cxd4 d5 14. Re1 Nxe4
15. Nxe4 dxe4 16. Rxe4 Qd5 17. Qe2 Raa8 18. Rxe6 Rf4 19. Re8+ Rxe8 20. Qxe8+ Rf8
21. Qe3 Rd8 22. h3 Nxd4 23. Nxd4 Qxd4 24. Qb3+ Kh8 25. Qxb7 Rf8 26. Rf1 Qc5 27.
Qe4 h6 28. Qe2 Qd5 29. a3 Qd4 30. Rc1 c5 31. Rc3 Rb8 32. Qc2 Kg8 33. Rxc5 Rxb2
34. Rc8+ Kf7 35. Qf5+ Qf6 36. Qd5+ 1-0

[Event "Dutch League 2023-24"]
[Site "Netherlands NED"]
[Date "2024.02.03"]
[Round "6.2"]
[White "Ten Hertog, Hugo"]
[Black "Warakomski, Tomasz"]
[Result "1-0"]
[WhiteTitle "GM"]
[BlackTitle "GM"]
[WhiteElo "2519"]
[BlackElo "2539"]
[WhiteTeam "Paul Keres"]
[BlackTeam "Groninger Combinatie"]
[WhiteFideId "1026356"]
[BlackFideId "1124552"]
[EventDate "2023.09.16"]
[EventType "team"]

1. Nf3 d5 2. g3 c6 3. Bg2 Bg4 4. h3 Bh5 5. c4 e6 6. d4 Nd7 7. cxd5 exd5 8. Nc3
Bd6 9. e4 dxe4 10. Nxe4 Be7 11. Qe2 Ngf6 12. Nd6+ Kf8 13. Nc4 Bb4+ 14. Bd2 Qe7
15. Qxe7+ Bxe7 16. Nfe5 Nxe5 17. dxe5 Nd7 18. f4 Bg6 19. Na5 Nc5 20. O-O Bd3 21.
Rfd1 Be2 22. Re1 Ba6 23. b4 Rd8 24. Red1 Na4 25. Be3 Rxd1+ 26. Rxd1 Nc3 27. Rd2
Ke8 28. Nxc6 bxc6 29. Bxc6+ Kf8 30. a4 h5 31. b5 Bc8 32. a5 Rh6 33. Bxa7 Ba6 34.
Rb2 Bc8 35. Bd4 Na4 36. a6 Bd8 37. a7 Nb6 38. Bc5+ Kg8 39. Kg2 1-0

[Event "Dutch League 2023-24"]
[Site "Netherlands NED"]
[Date "2024.02.03"]
[Round "6.3"]
[White "Maatman, Nick"]
[Black "Smeets, Kobe"]
[Result "1-0"]
[WhiteTitle "IM"]
[BlackTitle "FM"]
[WhiteElo "2397"]
[BlackElo "2274"]
[WhiteTeam "Groninger Combinatie"]
[BlackTeam "Paul Keres"]
[WhiteFideId "1040391"]
[BlackFideId "1063910"]
[EventDate "2023.09.16"]
[EventType "team"]

1. c4 c6 2. Nf3 d5 3. e3 Nf6 4. Nc3 e6 5. b3 Nbd7 6. Qc2 Bd6 7. Bb2 O-O 8. Be2
b6 9. g4 Nxg4 10. Rg1 Nge5 11. Ng5 Nf6 12. f4 Ng6 13. h4 Re8 14. O-O-O e5 15.
fxe5 Bxe5 16. Bd3 Qe7 17. Rdf1 d4 18. Nce4 dxe3 19. Nxf6+ Bxf6 20. Rxf6 gxf6 21.
Ne4 e2 22. Nxf6+ Qxf6 23. Bxf6 e1=Q+ 24. Rxe1 Rxe1+ 25. Kb2 Bg4 26. Qc3 c5 27.
Bxg6 hxg6 28. Bh8 Kf8 29. Qg7+ Ke7 30. Qf6+ Kd7 31. Qxf7+ Kc8 32. Qg8+ Kb7 33.
Qd5+ Kb8 34. Be5+ Rxe5 35. Qxe5+ 1-0

[Event "Dutch League 2023-24"]
[Site "Netherlands NED"]
[Date "2024.02.03"]
[Round "6.4"]
[White "Breukelman, Jan"]
[Black "Slagboom, Leandro"]
[Result "1/2-1/2"]
[WhiteTitle "FM"]
[BlackTitle "FM"]
[WhiteElo "2411"]
[BlackElo "2326"]
[WhiteTeam "Paul Keres"]
[BlackTeam "Groninger Combinatie"]
[WhiteFideId "1015583"]
[BlackFideId "1065882"]
[EventDate "2023.09.16"]
[EventType "team"]

1. c4 Nf6 2. Nc3 c5 3. g3 e6 4. Nf3 d5 5. cxd5 exd5 6. d4 Nc6 7. Bg2 cxd4 8.
Nxd4 Bc5 9. Nb3 Bb6 10. O-O d4 11. Na4 O-O 12. Bg5 h6 13. Nxb6 axb6 14. Bxf6
Qxf6 15. Bxc6 bxc6 16. Qxd4 Rd8 17. Qxb6 Ba6 18. Rfe1 Qxb2 19. Qxc6 Bxe2 20. Qe4
Re8 21. Qd4 Rxa2 22. Rxa2 Qxa2 23. Qd7 Qa8 24. Nd4 Rd8 25. Qc6 Qxc6 26. Nxc6 Rd2
27. Nd4 Rxd4 1/2-1/2

[Event "Dutch League 2023-24"]
[Site "Netherlands NED"]
[Date "2024.02.03"]
[Round "6.5"]
[White "De Boer, Eelke"]
[Black "Lombaers, Peter"]
[Result "1/2-1/2"]
[WhiteTitle "FM"]
[BlackTitle "FM"]
[WhiteElo "2399"]
[BlackElo "2359"]
[WhiteTeam "Groninger Combinatie"]
[BlackTeam "Paul Keres"]
[WhiteFideId "1048120"]
[BlackFideId "1032852"]
[EventDate "2023.09.16"]
[EventType "team"]

1. e4 c5 2. Nf3 Nc6 3. d4 cxd4 4. Nxd4 Nf6 5. Nc3 e5 6. Ndb5 d6 7. Bg5 a6 8. Na3
b5 9. Nab1 Be7 10. Bxf6 Bxf6 11. a4 b4 12. Nd5 O-O 13. Bc4 Bg5 14. O-O Na5 15.
Bd3 Rb8 16. Qe2 Be6 17. Bxa6 Bxd5 18. exd5 Qb6 19. Bb5 Qc5 20. c3 Nb3 21. cxb4
Qxb4 22. Nc3 Nxa1 23. Rxa1 Bd8 24. a5 Ra8 25. Ra4 Qc5 26. Rc4 Qa7 27. b4 Bxa5
28. bxa5 Qxa5 29. h3 Rfb8 30. Bc6 Qa1+ 31. Kh2 Ra3 32. Nb5 Ra2 33. Rc2 Rxc2 34.
Qxc2 g6 35. Bd7 Qa5 36. Qd3 Qb6 37. Qf3 Kg7 38. Bc6 Qc5 39. Nc7 Rb2 40. Ne8+ Kf8
41. Qf6 Rxf2 42. Qd8 Rxg2+ 43. Kxg2 Qc2+ 44. Kf1 Qd1+ 45. Kf2 Qd2+ 46. Kf1 1/2-1/2

[Event "Dutch League 2023-24"]
[Site "Netherlands NED"]
[Date "2024.02.03"]
[Round "6.6"]
[White "Wemmers, Xander"]
[Black "Van Foreest, Machteld"]
[Result "1-0"]
[WhiteTitle "IM"]
[BlackTitle "FM"]
[WhiteElo "2350"]
[BlackElo "2332"]
[WhiteTeam "Paul Keres"]
[BlackTeam "Groninger Combinatie"]
[WhiteFideId "1004182"]
[BlackFideId "1051563"]
[EventDate "2023.09.16"]
[EventType "team"]

1. d4 d5 2. c4 e6 3. Nf3 Nf6 4. Nc3 c6 5. e3 Nbd7 6. Be2 b6 7. O-O Bb7 8. b3 Bd6
9. Bb2 O-O 10. Bd3 c5 11. cxd5 exd5 12. Ne2 Rc8 13. Rc1 Re8 14. dxc5 bxc5 15.
Ng3 Qb6 16. Bf5 Rc7 17. Qc2 d4 18. exd4 Bxf3 19. gxf3 cxd4 20. Qd1 Rxc1 21. Bxc1
Ne5 22. Ne4 Nxe4 23. fxe4 d3 24. Bb2 g6 25. Bh3 Rd8 26. Kh1 Qb4 27. f4 Nc6 28.
Qxd3 Be5 29. Qc2 Bxb2 30. Qxc6 Rd2 31. e5 Re2 32. Qd5 Kg7 33. Bg2 Bd4 34. f5
Rxe5 35. f6+ Kh6 36. Qxf7 Re1 37. h4 Rxf1+ 38. Bxf1 Qe1 39. Qg7+ Kh5 40. Qxh7+
Kg4 41. Qxg6+ Kxh4 42. Qh6+ Kg4 43. Qh3+ Kg5 44. f7 Bc5 45. Qf3 Bf8 46. Qe2 Qh4+
47. Kg2 Qf4 48. Qe6 Bd6 49. Qd5+ Kg6 50. Bc4 Qg4+ 51. Kf1 Qf4+ 52. Ke2 Bb4 53.
Qg2+ Kh6 54. Qh3+ Kg7 55. Qe3 Qh2+ 56. Kd3 Qh7+ 57. Kd4 Qh4+ 58. Qe4 Qf6+ 59.
Ke3 Qc3+ 60. Qd3 Qe1+ 61. Kf3 Qh1+ 62. Kg4 Qg1+ 63. Qg3 Qc5 64. Kf4+ Kf6 65.
f8=Q+ Qxf8 66. Qg5# 1-0

[Event "Dutch League 2023-24"]
[Site "Netherlands NED"]
[Date "2024.02.03"]
[Round "6.7"]
[White "Van der Hagen, Loek"]
[Black "Ondersteijn, Niels"]
[Result "1-0"]
[WhiteTitle "FM"]
[BlackTitle "IM"]
[WhiteElo "2346"]
[BlackElo "2363"]
[WhiteTeam "Groninger Combinatie"]
[BlackTeam "Paul Keres"]
[WhiteFideId "1052853"]
[BlackFideId "1011162"]
[EventDate "2023.09.16"]
[EventType "team"]

1. e4 d6 2. d4 Nf6 3. Nc3 g6 4. Be3 a6 5. f3 b5 6. Qd2 Nbd7 7. Nge2 Nb6 8. Nf4
Bg7 9. g4 h5 10. g5 Nfd7 11. a4 e5 12. Nfd5 Nc4 13. Bxc4 bxc4 14. O-O-O c6 15.
Nf6+ Nxf6 16. gxf6 Bxf6 17. dxe5 Bxe5 18. Bf4 Qe7 19. Rhg1 Be6 20. Bg5 Qb7 21.
f4 Rb8 22. b3 Qb4 23. fxe5 Qa3+ 24. Kb1 cxb3 25. Qxd6 bxc2+ 26. Kxc2 Bb3+ 27.
Kd3 Qxd6+ 28. exd6 Bxd1 29. Rxd1 f5 30. Kc4 Kd7 31. e5 Rhe8 32. Bf6 a5 33. Rg1
Rb4+ 34. Kc5 Rg8 35. Ne2 Rb3 36. Nf4 Rc3+ 37. Kd4 Ra3 38. Rxg6 Rxa4+ 39. Kc5 1-0

[Event "Dutch League 2023-24"]
[Site "Netherlands NED"]
[Date "2024.02.03"]
[Round "6.8"]
[White "Kokje, Joris"]
[Black "Wempe, Joost"]
[Result "0-1"]
[WhiteTitle "FM"]
[BlackTitle "FM"]
[WhiteElo "2288"]
[BlackElo "2287"]
[WhiteTeam "Paul Keres"]
[BlackTeam "Groninger Combinatie"]
[WhiteFideId "1051024"]
[BlackFideId "1005502"]
[EventDate "2023.09.16"]
[EventType "team"]

1. d4 Nf6 2. c4 e6 3. Nf3 d5 4. g3 Bb4+ 5. Nbd2 dxc4 6. Qc2 Nc6 7. Qxc4 Qd5 8.
Qxd5 exd5 9. Bg2 Ne4 10. O-O Bxd2 11. Bxd2 Nxd2 12. Nxd2 Nxd4 13. e3 Nc6 14.
Bxd5 Ne5 15. f4 c6 16. Bg2 Nd3 17. Nc4 Ke7 18. Rad1 Rd8 19. Rd2 Bf5 20. Na5 Nc5
21. Rfd1 Rxd2 22. Rxd2 Rd8 23. Rxd8 Kxd8 24. b4 Nd3 25. a3 Kc7 26. Kf1 Nb2 27.
Ke2 Bd7 28. Kd2 b6 29. Kc2 bxa5 30. Kxb2 axb4 31. axb4 Kb6 32. Kc3 c5 33. Bd5
cxb4+ 34. Kxb4 a5+ 35. Kb3 f6 36. e4 Kc5 37. Bg8 h6 38. e5 Bc6 39. exf6 gxf6 40.
g4 Bd7 41. f5 Kd6 42. Bf7 Ke7 43. Bh5 Bc6 44. Kc4 Kd6 45. Kd4 Bb5 46. Bf7 a4 47.
Ba2 Be2 48. h3 Bd1 49. Ke4 Bb3 50. Bb1 a3 51. Kf4 Ke7 52. h4 a2 53. Bxa2 Bxa2
54. g5 h5 0-1

[Event "Dutch League 2023-24"]
[Site "Netherlands NED"]
[Date "2024.02.03"]
[Round "6.9"]
[White "Balje, Jan"]
[Black "Hommerson, Paul"]
[Result "0-1"]
[BlackTitle "FM"]
[WhiteElo "2091"]
[BlackElo "2288"]
[WhiteTeam "Groninger Combinatie"]
[BlackTeam "Paul Keres"]
[WhiteFideId "1004085"]
[BlackFideId "1025325"]
[EventDate "2023.09.16"]
[EventType "team"]

1. d4 Nf6 2. c4 g6 3. g3 Bg7 4. Bg2 d5 5. cxd5 Nxd5 6. Nf3 Nb6 7. O-O Nc6 8. e3
O-O 9. Nc3 Re8 10. h3 a5 11. Qe2 e5 12. dxe5 Nxe5 13. Nxe5 Bxe5 14. Rd1 Qe7 15.
e4 a4 16. a3 Be6 17. Nd5 Nxd5 18. exd5 Bf5 19. Qb5 Bd7 20. Qxb7 Bd6 0-1

[Event "Dutch League 2023-24"]
[Site "Netherlands NED"]
[Date "2024.02.03"]
[Round "6.10"]
[White "Van de Griendt, Jan Willem"]
[Black "Hendriks, Peter"]
[Result "1-0"]
[WhiteTitle "IM"]
[WhiteElo "2372"]
[BlackElo "1981"]
[WhiteTeam "Paul Keres"]
[BlackTeam "Groninger Combinatie"]
[WhiteFideId "1002112"]
[BlackFideId "1009516"]
[EventDate "2023.09.16"]
[EventType "team"]

1. d4 e6 2. c4 f5 3. g3 Nf6 4. Bg2 Be7 5. Nf3 d5 6. O-O Ne4 7. Ne5 Nd7 8. Nc3 c6
9. Bf4 g5 10. Be3 Bf6 11. Nxd7 Bxd7 12. Qb3 Nd6 13. cxd5 exd5 14. Rad1 Be6 15.
Na4 b6 16. Qc2 Rc8 17. b3 O-O 18. Bc1 Qd7 19. e3 Ne4 20. Ba3 Rf7 21. Nb2 f4 22.
Nd3 Bh3 23. f3 Bxg2 24. Kxg2 Nd6 25. Bxd6 Qxd6 26. exf4 Bxd4 27. fxg5 c5 28. Nf4
Re8 29. Rfe1 Rxe1 30. Rxe1 Re7 31. Rxe7 Qxe7 32. Qf5 Qe5 33. Qxe5 Bxe5 34. Nxd5
Kf7 35. f4 Bd4 36. Kf3 Ke6 37. Ke4 Bg1 38. h3 1-0